Statistics for Countries Producing the Most Sugar Beet

Click here to take the quiz!

General Stats

  • This quiz has been taken 27 times
  • The average score is 15 of 20

Answer Stats

Million TonnesCountry% Correct
12.3China
100%
25.9United States
100%
7.45United Kingdom
92%
38.0France
88%
29.7Germany
88%
54.4Russia
88%
2.75Spain
88%
13.8Poland
81%
10.2Ukraine
77%
3.99Japan
73%
6.64Netherlands
73%
18.1Turkey
73%
4.93Belarus
69%
5.07Belgium
69%
3.66Czech Republic
65%
5.30Iran
62%
2.31Serbia
62%
2.34Denmark
58%
10.5Egypt
58%
3.69Morocco
50%

Score Distribution

Percentile by Number Answered

Percent of People with Each Score

Your Score History

You have not taken this quiz